000 00433nam a22001697a 4500
003 MPLRDC
005 20220104124033.0
008 210129b ||||| |||| 00| 0 eng d
082 _a889 LMSJ v.156
100 _a苏. 派特森
245 _a绿苑情天
_c苏孟萍译
260 _a
_b骏马文化公司
_c
300 _b
490 _a罗曼史集. 156
650 _a西洋小说之中文翻译
942 _cBK
_o889 LMSJ v.156
999 _c16152
_d16142